Statistics for Parov Stelar Discography

Click here to take the quiz!

General Stats

  • This quiz has been taken 2 times
  • The average score is 6 of 35

Answer Stats

TypeYearName% Correct
Album2017The Burning Spider
100%
EP2014Clap Your Hands
50%
Album2009Coco
50%
EP2009Coco EP
50%
EP2012Jimmy's Gang EP
50%
EP2008Libella Swing
50%
EP2006Parov Stelar EP
50%
Album2015The Demon Diaries
50%
EP2010The Paris Swingbox EP
50%
EP2010The Phantom EP
50%
Album2012The Princess
50%
EP2005A Night in Torino
0%
EP2006Charleston Butterfly
0%
Album2008Daylight
0%
EP2007Jet Set EP
0%
EP2004KissKiss
0%
Album2010La Fete
0%
EP2011La Fête EP
0%
Live Album2016Live @ Pukkelpop
0%
EP2002Lo Tech Trash
0%
EP2004Move On!
0%
EP2005Music I Believe In
0%
EP2004Primavera
0%
Album2004Rough Cuts
0%
Album2005Seven and Storm
0%
Album2001Shadow Kingdom
0%
EP2001Shadow Kingdom EP
0%
Album2007Shine
0%
EP2005Spygame
0%
EP2007Sugar
0%
Compilation2009That Swing - Best Of
0%
Album2013The Art of Sampling
0%
EP2008The Flame of Fame
0%
Album2013The Invisible Girl
0%
EP2004Wanna Get
0%

Score Distribution

Percentile by Number Answered

Percent of People with Each Score

Your Score History

You have not taken this quiz